1054 1324 1895 1153 1903 1605 1156 1858 1584 1558 1330 1571 1568 1683 1203 1017 1262 1717 1436 1811 1887 1167 1404 1035 1647 1102 1532 1452 1570 1171 1516 1031 1530 1935 1618 1304 1161 1548 1497 1554 1177 1120 1330 1810 1707 1674 1168 1000 1454 1665 1680 1576 1441 1406 1707 1081 1616 1594 1775 1847 1383 1704 1226 1250 1639 1751 1884 1160 1451 1262 1527 1042 1546 1089 1038 1802 1455 1974 1209 1361 1137 1167 1439 1346 1895 1048 1953 1564 1727 1820 1588 1187 1126 1725 1384 1183 1197 1543 1679 BCNSPRNW ULIB Ver.6.0+V

เปลี่ยนเป็นภาษาไทย

Change to English
 แสดงรายละเอียดบรรณานุกรม
  กลับหน้าหลัก

Brief Record : Get Marc (ISO 2709) : E-mail record : QR code < ปิดหน้าต่าง
LEADER : 00000nam 2200000uu 4500
001    13399110723
003     ULIB
008    110608s2552||||th 000 0 tha d
020    9789744141200
041 1  tha^heng
050  4 HD47.4^bค934ก 2552
100 0  แคปแลนด์, โรเบิร์ต เอส.
245 10 การวิเคราะห์ต้นทุนบนฐานกิจกรรมและเกณฑ์เวลา =^bTime-drivenactivity-based costing /^cRobert S. Kaplan ร่วมกับ Steven R. Anderson ; แปลและเรียบเรียงโดย จักร ติงศภัทิย์
246 31 Time-driven activity-based costing
250    พิมพ์ครั้งที่ 1
260    กรุงเทพฯ :^bเอ็กซเปอร์เน็ท,^c2552
300    452 หน้า :^bภาพประกอบ ;^c24 ซม.
650  7 การวิเคราะห์ต้นทุน
650  7 ต้นทุน
700 1  แอนเดอร์สัน, สตีเฟ่น อาร์
700 0  จักร ติงสภัทิย์,^eผู้แปล
945    ^p380^l0^i18242
995    กัณชพร
999    ^aใช้งานได้ทุกระบบ
รายการนี้ยังไม่มีแท็ก
คุณยังไม่ได้ล็อกอิน คุณสามารถมีกิจกรรมร่วมกับเว็บไซต์ได้ แต่ต้องล็อกอินก่อน ::
  ล็อกอิน

รายการสื่อสารสนเทศ

ลำดับที่ ประเภท เลขเรียก/บาร์โค้ด สถานที่ สถานะ
- ไม่พบข้อมูล -

รายการใกล้เคียง
    ผู้แต่ง [แคปแลนด์, โรเบิร์ต เอส.]

    หัวเรื่อง [การวิเคราะห์ต้นทุน]
    หัวเรื่อง [ต้นทุน]

BibComment


ยังไม่เคยถูกคอมเมนท์

คอมเมนท์ทรัพยากรรายการนี้
  คอมเมนท์: การวิเคราะห์ต้นทุ..


 Copyright 2026. Bcnsprnw @Library